Balgaro-japonski ikonomičeski seminar.

V marci 1992 v Sofii bulharsko-japonský seminár na tému "Japonský model rozvoja a Bulharsko - predpoklady jeho smerovania k úspešnej ekonomickej reforme". Hlavné myšlienky prednesené japonskými profesormi a zhrnutie diskusie. Referáty: Skúsenosti japonska z formovania trhovej ekonomiky. Firmy v Japo...

Description complète

Enregistré dans:
Détails bibliographiques
Format: Chapitre de livre
Langue:bulgare
Sujets:
Tags: Ajouter un tag
Pas de tags, Soyez le premier à ajouter un tag!

MARC

LEADER 00000naa a2200000 4500
001 r009636
005 20221125114937.7
041 0 |a bul 
044 |a BG 
245 1 0 |a Balgaro-japonski ikonomičeski seminar. 
520 |a V marci 1992 v Sofii bulharsko-japonský seminár na tému "Japonský model rozvoja a Bulharsko - predpoklady jeho smerovania k úspešnej ekonomickej reforme". Hlavné myšlienky prednesené japonskými profesormi a zhrnutie diskusie. Referáty: Skúsenosti japonska z formovania trhovej ekonomiky. Firmy v Japonsku a ich porovnanie s firmami v Európe a USA. Rozvoj korporatívneho systému v japonskej ekonomike. Úloha spoločenského faktora pri prechode na trhovú ekonomiku. 
610 2 0 |a semináre 
610 2 0 |a BR 
610 2 0 |a Japonsko 
610 2 0 |a Sofia 
610 2 0 |a 1992 
610 2 0 |a rozvoj hospodársky 
610 2 0 |a reformy hospodárske 
610 2 0 |a hospodárstvo trhové 
610 2 0 |a sústava ekonomická 
610 2 0 |a korporácie 
610 2 0 |a firmy